Southville International School and Colleges
Your cart is empty.
  • Cart
  • Lists
    Public lists Eva Luna New books Lux_list list_1
    Your lists Log in to create your own lists
  • Log in to your account
  • Your cookies
  • Search history
Southville International School and Colleges
  • Advanced search
  • Recent comments
  • Most popular
  • Libraries

Log in to your account

Log in with GOOGLE


If you do not have an external account, but do have a local account, you can still log in:

  1. Home
  2. MARC view: Pearls and coconuts /
Normal view MARC view ISBD view

Pearls and coconuts / (Record no. 1659)

[ view plain ]
MARC details
000 -LEADER
fixed length control field 00515nam a22001937a 4500
003 - CONTROL NUMBER IDENTIFIER
control field OSt
005 - DATE AND TIME OF LATEST TRANSACTION
control field 20140310181713.0
008 - FIXED-LENGTH DATA ELEMENTS--GENERAL INFORMATION
fixed length control field 121212t xxu||||| |||| 00| 0 eng d
050 ## - LIBRARY OF CONGRESS CALL NUMBER
Classification number DS 663
Item number .En57 1980
082 ## - DEWEY DECIMAL CLASSIFICATION NUMBER
Classification number FIL 915.990
Item number En32 1980
100 ## - MAIN ENTRY--PERSONAL NAME
Personal name Engel, Frances H.
245 ## - TITLE STATEMENT
Title Pearls and coconuts /
Statement of responsibility, etc Frances H. Engel.
260 ## - PUBLICATION, DISTRIBUTION, ETC. (IMPRINT)
Place of publication, distribution, etc Philippines :
Name of publisher, distributor, etc Frances H. Engel,
Date of publication, distribution, etc c1980.
300 ## - PHYSICAL DESCRIPTION
Extent 353 p. :
Other physical details ill. ;
Dimensions 18 cm.
526 ## - STUDY PROGRAM INFORMATION NOTE
Reading level 880L-960L
562 ## - COPY AND VERSION IDENTIFICATION NOTE
Number of copies 1
942 ## - ADDED ENTRY ELEMENTS (KOHA)
Source of classification or shelving scheme Library of Congress Classification
Koha item type Books
Call number prefix Filipininana
Holdings
Withdrawn status Lost status Source of classification or shelving scheme Damaged status Home library Current library Shelving location Date acquired Total Checkouts Full call number Barcode Date last seen Copy number Price effective from Koha item type
    Library of Congress Classification   Luxembourg Library Luxembourg Library Filipiniana Section 12/12/2012   DS 663 .En57 1980 2806 08/13/2013 1 10/03/2013 Books

Pearls and coconuts /

APA

Engel F. H., . (1980). Pearls and coconuts. Philippines: Frances H. Engel.

Chicago

Engel Frances H, . 1980. Pearls and coconuts. Philippines: Frances H. Engel.

Harvard

Engel F. H., . (1980). Pearls and coconuts. Philippines: Frances H. Engel.

MLA

Engel Frances H, . Pearls and coconuts. Philippines: Frances H. Engel. 1980.

  • Place hold
  • Print
  • Cite
  • Add to your cart (remove)
  • Save record
    BIBTEX Dublin Core MARCXML MARC (non-Unicode/MARC-8) MARC (Unicode/UTF-8) MARC (Unicode/UTF-8, Standard) MODS (XML) RIS
  • More searches
    Search for this title in:
    Other Libraries (WorldCat) Other Databases (Google Scholar) Online Stores (Bookfinder.com) Open Library (openlibrary.org)

Exporting to Dublin Core...

SOUTHVILLE LIBRARY

Southville International School and Colleges Library

1281 Tropical Ave. Cor. Luxembourg St., BF Homes International, Las Pinas City

Tel. No. 8256374 / 252358 Loc. 117/146

Powered by Koha